| 000 | 00514nam a2200181Ia 4500 | ||
|---|---|---|---|
| 005 | 20260415160327.0 | ||
| 008 | 008 250505s9999 xx 000 0 eng d | ||
| 037 | _aTextual | ||
| 040 |
_aFEDL _beng _cFEDL |
||
| 041 |
_aeng _2eng |
||
| 084 |
_a630 GRE _qFEDL |
||
| 100 |
_aGregory Richard _91234856 |
||
| 245 | 0 | _aClass book of physics | |
| 260 |
_aLondon, UK _bThe Macmillan and Company Limited _c1947 |
||
| 300 | _a656p. | ||
| 942 |
_cTEXL _h630 GRE |
||
| 999 |
_c1321711 _d1321711 |
||